000 00583nam a2200145Ia 4500
008 100122s9999 xx 000 0 und d
082 _b14342
_a294.5922
100 _aढेरे रामचंद्र चिं
245 _aरामराज्याची स्फूर्तिकेंद्रे
260 _bललित वैभव
_c1966
300 _a104
630 _aरामराज्याची स्फूर्तिकेंद्रे
730 _aरामराज्याची स्फूर्तिकेंद्रे
942 _cBOOK
999 _c404884
_d404881